000 01268nam a2200325 i 4500
003 DO-SdBNP
005 20250613152156.0
007 ta
008 250613t2013 dr 000 0 spa d
020 _a9789945892703
040 _aDO-SdBNP
_bspa
_cBNPHU
_erda
082 _axxxx
_bL318
_222
100 1 _aLara De Medrano, Rosa
_d1955-
_eautora
_4aut.
_987025
245 1 0 _aSolo para parejas :
_bconsejos en la ruta hacia un matrimonio ideal /
_cRosa Lara de Medrano : prólogo, Manuel Valdez
264 _aSanto Domingo :
_bPromociones y publicaciones La Fé,
_c2013.
300 _a164 páginas
_c21 cm.
336 _atexto
_btxt
_2rdacontent
337 _asin mediación
_bn
_2rdamedia
338 _avolumen
_bnc
_2rdacarrier
500 _aIncluye datos biografícos de la autora en la contraportada.
590 _aInventariado, 2025/ YL
700 1 _aLaureiro, Sebastián
_eprólogo
_4pr.
_972793
700 1 _aPaim Silua, Jaimilson
_eautor
_4aut.
_988112
700 1 _aRivas Hevias, Patricio
_eautor
_4aut.
_988113
700 1 _aEibenschutz, Catalina
_eautora
_4aut.
_988114
700 1 _aClaudet, Pierre T.
_eautor
_4aut.
_988115
710 _aSecretaría de Estado de Salud Pública y Asistencia Social (SESPAS)
_988116
910 _aYLockward
942 _2ddc
_cLBS1
999 _c59281
_d59281